书目信息 |
| 题名: |
人生的路为什么越走越窄?
|
|
| 作者: | 白帆 , 西武 著 | |
| 分册: | ||
| 出版信息: | 北京 新世界出版社 2009.04 |
|
| 页数: | 229页 | |
| 开本: | 22cm | |
| 丛书名: | ||
| 单 册: | ||
| 中图分类: | B848.4 | |
| 科图分类: | ||
| 主题词: | 成功心理学--通俗读物 | |
| 电子资源: | ||
| ISBN: | 978-7-5104-0189-3 | |
| 000 | 01084100682000241 | |
| 001 | 0011156717 | |
| 005 | 20100809144413.35 | |
| 010 | @a978-7-5104-0189-3@dCNY26.80 | |
| 100 | @a20100515d2009 em y0chiy0110 ea | |
| 101 | 0 | @achi |
| 102 | @aCN@b110000 | |
| 105 | @ay z 000yy | |
| 200 | 1 | @a人生的路为什么越走越窄?@Aren sheng de lu wei shi mo yue zou yue zhai?@d= Why the road becomes narrower@f白帆,西武著@zeng |
| 210 | @a北京@c新世界出版社@d2009.04 | |
| 215 | @a229页@d22cm | |
| 330 | @a本书向我们揭示了人的路要怎么走?小学时,看名人传记,感觉是在记录自己的一生,你说,你也要成为伟大的革命家……中学时,你发现革命家就像大熊猫一样,已经变得非常的稀有。你要改做文学家……大学时,你对未来充满了憧憬:你要出国留学,你要成为富翁,还要娶上个美女老婆……等工作上一段时间,你会发现,柴米油盐酱醋糖,开门7件事,整天围绕着你打转,理想越来越远,机会越来越少。 | |
| 510 | 1 | @aWhy the road becomes narrower@zeng |
| 606 | 0 | @a成功心理学@j通俗读物 |
| 690 | @aB848.4@v4 | |
| 701 | 0 | @a白帆@Abai fan@4著 |
| 701 | 0 | @a西武@Axi wu@4著 |
| 801 | 0 | @aCN@c20100515 |
| 905 | @dB848.4@eB115@f5 | |
| 人生的路为什么越走越窄?= Why the road becomes narrower/白帆,西武著.-北京:新世界出版社,2009.04 |
| 229页;22cm |
| ISBN 978-7-5104-0189-3:CNY26.80 |
| 本书向我们揭示了人的路要怎么走?小学时,看名人传记,感觉是在记录自己的一生,你说,你也要成为伟大的革命家……中学时,你发现革命家就像大熊猫一样,已经变得非常的稀有。你要改做文学家……大学时,你对未来充满了憧憬:你要出国留学,你要成为富翁,还要娶上个美女老婆……等工作上一段时间,你会发现,柴米油盐酱醋糖,开门7件事,整天围绕着你打转,理想越来越远,机会越来越少。 |
| ● |
| 相关链接 |
|
|
|
正题名:人生的路为什么越走越窄?
索取号:B848.4/B115
 
预约/预借
| 序号 | 登录号 | 条形码 | 馆藏地/架位号 | 状态 | 备注 |
| 1 | 1020851 | 210208513 | 社科库509/ [索取号:B848.4/B115] |
已借出,限还日期为2037.02.16 借出人:中级法院 |
|
| 2 | 1020852 | 210208522 | 社科库509/ [索取号:B848.4/B115] | 在馆 | |
| 3 | 1020853 | 210208531 | 社科库509/ [索取号:B848.4/B115] |
已借出,限还日期为2037.02.16 借出人:中级法院 |
|
| 4 | 1020854 | 210208540 | 社科库509/509社科库 42排1列4层/ [索取号:B848.4/B115] | 在馆 | |
| 5 | 1020855 | 210208559 | 社科库509/422社科库 44排3列2层/ [索取号:B848.4/B115] | 在馆 |